[Event "Elitserien Allsvenskan 2018-19"]
[Site "Sweden"]
[Date "2018.11.11"]
[Round "3"]
[White "Eriksson, Anders"]
[Black "Welin, Mats"]
[Result "1/2-1/2"]
[WhiteElo "2239"]
[BlackElo "2315"]
[Annotator "TA"]
[PlyCount "132"]
[EventDate "2018.11.09"]
[EventType "team-tourn"]
[EventCountry "SWE"]
[SourceTitle "playchess.com"]
[Source "ChessBase"]
[SourceQuality "1"]

{[%evp 13,132,10,12,8,29,11,30,2,2,0,0,8,10,14,16,18,18,19,9,-20,-17,-21,0,-45,0,0,29,0,0,0,0,-11,1,-21,-28,-22,-31,-24,-14,-16,-5,-3,0,0,0,-28,-33,-30,-18,-24,-12,-24,-13,-14,-17,-37,-37,-37,-37,-38,-38,-38,-27,-27,-10,-75,-75,-70,-75,-97,-75,-85,0,0,0,0,0,-8,-8,-87,-52,-210,-194,-310,-239,-239,-243,-341,-335,-335,-336,-395,-392,-356,-331,-286,-220,-220,-96,-123,-100,-103,-29,-29,-29,-116,-47,-397,-384,-343,0,0,0,0,0,0,0,0,0,0,0]} 1. Nf3 d5 2. g3 Nf6 3. Bg2 c6 4. O-O Bg4 5. d4 e6 6. c4 Be7 7. Ne5 {D11: Slav Defence: 3 Nf3 sidelines and 3...Nf6 4 e3 Bg4} (7. Nc3 O-O 8. Qb3 Qb6 9. Ne5 Bh5 10. Bf4 Nbd7 11. Nxd7 Nxd7 12. e4 dxe4 13. Nxe4 Rfd8 14. Rfe1 Nf6 {1-0 (38) Carlsen,M (2843)-So,W (2778) Stavanger 2018}) 7... Bh5 {LiveBook: 14 Games} 8. Nd2 O-O 9. b3 {White has an edge.} a5 10. a3 $146 ({Predecessor:} 10. Bb2 a4 11. h3 Nfd7 12. g4 Nxe5 13. gxh5 {0-1 (41) Sorokina,A (1996)-Schekoldin,V (2200) St Petersburg 2006}) 10... Nbd7 11. Nd3 Bg6 12. Bb2 Re8 13. Re1 Qb6 14. Nf4 Bf5 15. e3 h6 16. c5 Qc7 17. b4 e5 18. Ne2 exd4 19. exd4 Bg4 20. Nb3 axb4 21. axb4 Rxa1 22. Bxa1 Bf8 23. Bc3 Ne4 24. Bb2 Ng5 25. Qd3 Nf6 26. f3 Bh3 27. Bc3 Bxg2 28. Kxg2 Qd7 29. Ng1 (29. Bd2 {is more complex.} g6 30. Ra1 Qh3+ 31. Kg1 Nh5 32. Ra7) 29... Rxe1 30. Bxe1 Be7 31. Bd2 Ne6 32. Ne2 Bd8 33. Nc3 h5 34. h4 g6 35. b5 Ne8 {[%cal Bf6e8,Be8g7,Bg7f5][%mdl 32]} 36. b6 N8g7 37. Ne2 Nf5 38. Nf4 Neg7 39. Kf2 (39. Be1 $11 {remains equal.}) 39... Bf6 $17 40. Ne2 Ne6 41. Bf4 Qe7 42. Qd2 g5 (42... Qd8 $17) 43. hxg5 $11 Nxg5 44. Qd3 Qd7 45. Bc7 Ng7 46. Ke3 (46. Bf4 $11) 46... Qh3 $36 {[%mdl 2048] ...Qf1 is the strong threat. Black has good play.} 47. Bf4 $2 {[#]} ({Only move:} 47. Na5 $1 $15) 47... N7e6 $19 {And now ...h4 would win.} 48. Nd2 (48. Qd1 $142) 48... Nxf4 49. gxf4 Ne6 50. Qb1 (50. Nb3 $142) 50... Ng7 51. Qg1 Kh7 52. Qf1 Qe6+ 53. Kd3 h4 54. Qg1 {White hopes to continue with Qg4.} Nf5 55. Nf1 Nh6 (55... Bh8 $19 {and Black stays clearly on top.} 56. Qg4 Bg7 57. Qh5+ Kg8) 56. Ne3 Qh3 57. Qf2 Qc8 (57... Kg7 $17) 58. Qg2 $11 Qa8 {White must now prevent ...Qa6+.} 59. Ng4 (59. Qh3 $11) 59... Qa6+ (59... Qa3+ $17 60. Kc2 Qa4+ 61. Kd2 Qb4+ 62. Kc2 Qa4+ 63. Kd2 Qb4+ 64. Kd1 Qa4+ 65. Kd2) 60. Ke3 $2 {[%mdl 8192] [#]} (60. Kd2 $15 Qa2+ 61. Ke1 Qa1+ 62. Kd2 Bxd4 63. Nxh6) 60... Nf5+ $19 61. Kf2 Bg7 $2 ({Better is} 61... Bxd4+ $19 62. Nxd4 Qa2+ 63. Ne2 Ng3) 62. Ne5 $11 {The position is equal.} Qa2 63. Qg5 Nxd4 $1 64. Qh5+ Kg8 65. Qxf7+ Kh7 66. Qg6+ Kg8 {Precision: White = 48%, Black = 61%.} 1/2-1/2

[Event "Elitserien Allsvenskan 2018-19"]
[Site "Sweden"]
[Date "2018.11.11"]
[Round "3"]
[White "Jonsson, Mikael"]
[Black "Rozentalis, Eduardas"]
[Result "0-1"]
[WhiteElo "2236"]
[BlackElo "2524"]
[Annotator "TA"]
[PlyCount "112"]
[EventDate "2018.11.09"]
[EventType "team-tourn"]
[EventCountry "SWE"]
[SourceTitle "playchess.com"]
[Source "ChessBase"]
[SourceQuality "1"]

{[%evp 17,112,22,17,6,15,8,26,32,37,16,36,11,20,0,0,0,0,-24,0,-8,10,10,10,10,15,15,15,15,15,15,14,16,11,7,10,-52,-87,-67,-72,-141,-154,-151,-147,-146,-140,-152,-146,-151,-145,-179,-176,-177,-177,-177,-177,-179,-179,-183,-179,-177,-134,-137,-133,-174,-185,-170,-188,-183,-178,-312,-329,-250,-264,-799,-788,-781,-748,-884,-869,-1077,-966,-1466,-1451,-1608,-1460,-2191,-2191,-2053,-1935,-4631,-4431,-5933,-5047,-29985,-29986,-29986,-29987]} 1. d4 Nf6 2. c4 e6 3. Nc3 Bb4 4. Qc2 d6 5. Nf3 O-O 6. g3 Re8 7. a3 Bxc3+ 8. Qxc3 Qe7 9. Bg2 e5 {And now ...exd4 would win.} 10. dxe5 {E32: Nimzo-Indian: Classical (4 Qc2): 4...0-0} dxe5 11. O-O Nc6 12. b4 {White has an edge.} Bg4 $146 ({Predecessor:} 12... e4 13. Nd4 Nxd4 14. Qxd4 Bg4 15. f3 exf3 16. exf3 {½-½ (65) Socko,B (2647)-Parligras,M (2570) Legnica 2013}) 13. Re1 Rad8 14. Be3 Qd7 15. Ra2 Ne4 16. Qa1 Bh3 17. Bh1 h6 18. Nd2 Nf6 19. Ne4 Nxe4 20. Bxe4 Nd4 21. Rd2 c6 22. Bxd4 exd4 23. Bf3 b6 24. c5 bxc5 25. bxc5 Re5 {[%cal Be8e5,Be5c5,Bc5c4][%mdl 32]} 26. Red1 (26. Rc1 $11) 26... Rxc5 $15 27. Be4 Rc4 28. f3 (28. Bd3 $142 Rc3 29. Be4) 28... c5 $17 29. Qb2 Qe6 $36 {[%mdl 2048] White is under strong pressure.} 30. Qb3 {[#]} Rc1 $1 {[%mdl 512]} 31. Qxe6 (31. Rxc1 Qxb3) 31... Rxd1+ 32. Rxd1 Bxe6 {[%mdl 4096] Endgame KRB-KRB} ({Of course not} 32... fxe6 $6 33. Rc1 $15) 33. e3 Bb3 34. Rb1 c4 35. exd4 Rxd4 36. Rb2 Rd1+ 37. Kf2 Ra1 38. Rd2 {[%cal Rd2d8]} g6 39. Rd8+ Kg7 {aiming for ...c3.} 40. Rc8 Rxa3 41. Rc7 Kf6 42. Bd5 Ke5 $1 {[%cal Re5d5]} 43. Bxf7 {[#]} (43. Bxc4 $142 Kd6 44. Rc8) 43... Kd4 $1 $19 44. Rd7+ {[#]} Kc3 $1 45. Rc7 $2 (45. Bxg6 a5 46. f4) 45... Ra2+ 46. Ke3 a5 47. f4 a4 48. Bxg6 a3 49. f5 Ra1 50. f6 Rf1 51. f7 a2 52. Ra7 Kb2 53. g4 c3 54. Bf5 {[#]} Bxf7 $1 {[%mdl 576] Promotion} 55. Rxf7 a1=Q 56. Rb7+ Kc1 {Accuracy: White = 51%, Black = 88%.} 0-1

[Event "Elitserien Allsvenskan 2018-19"]
[Site "Sweden"]
[Date "2018.11.11"]
[Round "3"]
[White "Nyander, Joakim"]
[Black "Norberg, Johan"]
[Result "0-1"]
[WhiteElo "2229"]
[BlackElo "2306"]
[Annotator "NA"]
[PlyCount "30"]
[EventDate "2018.11.09"]
[EventType "team-tourn"]
[EventCountry "SWE"]
[SourceTitle "playchess.com"]
[Source "ChessBase"]
[SourceQuality "1"]
[TimeControl "40/5400+30:1800+30"]

1. c4 {[%emt 0:00:00]} e5 {[%emt 0:00:31]} 2. g3 {[%emt 0:00:06]} Nc6 {[%emt 0:00:45]} 3. Nc3 {[%emt 0:01:29]} g6 {[%emt 0:00:45]} 4. Bg2 {[%emt 0:00:40]} Bg7 {[%emt 0:00:06]} 5. e4 {[%emt 0:01:54]} Nge7 {[%emt 0:08:38]} 6. Nge2 {[%emt 0:00:30]} O-O {[%emt 0:00:30]} 7. d3 {[%emt 0:03:14]} d6 {[%emt 0:03:53]} 8. O-O {[%emt 0:11:41]} Nd4 {[%emt 0:00:00] exd4 [%clk 1:14:35] Ne2 [%clk 1:22:09]} 9. c5 {[%emt 0:02:26] Rb1 [%clk 1:20:23]} a5 {[%emt 0:06:52]} 10. a3 {[%emt 0:00:00]} a4 {[%emt 0:00:30]} 11. b4 {[%emt 0:00:00]} axb3 {[%emt 0:00:30]} 12. Qxb3 {[%emt 0:00:00] Qa5 [%clk 0:52:50] h3 [%clk 0:44:00] Nc6 [%clk 0:40:55] Qc2 [%clk 0:39:56] Qa6 [%clk 0:22:55] g4 [%clk 0:38:54]} Bd7 {[%emt 0:52:28]} 13. f4 {[%emt 0:38:37] Rfb8 [%clk 0:16:23] f5 [%clk 0:31:42]} b5 {[%emt 0:04:29] cxb5 [%clk 0:31:15] Rxb5 [%clk 0:16:44] Rxb5 [%clk 0:27:13]} 14. Qxb5 {[%emt 0:19:29]} f6 {[%emt 0:00:00] Bf8 [%clk 0:16:54] Nf4 [%clk 0:25:57] Ne5 [%clk 0:16:30] g5 [%clk 0:23:16] Rb8 [%clk 0:13:12]} 15. Rf2 {[%emt 0:00:00] Qb1 [%clk 0:12:10] Qd1 [%clk 0:20:17] Rb3 [%clk 0:11:07] Bf1 [%clk 0:18:32] Rc3 [%clk 0:10:30] Rb2 [%clk 0:13:42] Qxc1 [%clk 0:10:52] Qxc1 [%clk 0:14:04] Rxc1 [%clk 0:10:52]} Nd5 {[%emt 0:03:29] Bc6 [%clk 0:10:52] Ne7+ [%clk 0:14:04] Bxe7 [%clk 0:10:52] fxe7 [%clk 0:14:04] f6 [%clk 0:10:52] Rb8+ [%clk 0:14:04] Kf7 [%clk 0:10:52] gxf6 [%clk 0:14:04] Be8 [%clk 0:10:52] Rd8 [%clk 0:14:04] Nd7 [%clk 0:10:52] Kf2 [%clk 0:14:04] Nxf6 [%clk 0:10:52] Rxd6 [%clk 0:14:04] Kxe7 [%clk 0:10:52] Rb6 [%clk 0:14:04] Ra1 [%clk 0:10:52]} 0-1

[Event "Elitserien Allsvenskan 2018-19"]
[Site "Sweden"]
[Date "2018.11.11"]
[Round "3"]
[White "Kassani, Sam"]
[Black "Kenneskog, Theodor"]
[Result "1-0"]
[WhiteElo "2213"]
[BlackElo "2270"]
[Annotator "NA RC"]
[PlyCount "106"]
[EventDate "2018.11.09"]
[EventType "team-tourn"]
[EventCountry "SWE"]
[SourceTitle "playchess.com"]
[Source "ChessBase"]
[SourceQuality "1"]
[TimeControl "40/5400+30:1800+30"]

1. d4 {[%emt 0:00:09]} Nf6 {[%emt 0:00:00]} 2. Bf4 {[%emt 0:00:58]} g6 {[%emt 0:00:18]} 3. Nf3 {[%emt 0:00:23]} Bg7 {[%emt 0:00:06]} 4. e3 {[%emt 0:00:05]} O-O {[%emt 0:00:14]} 5. Be2 {[%emt 0:00:16]} d6 {[%emt 0:00:07]} 6. h3 {[%emt 0:00:03]} c5 {[%emt 0:00:15]} 7. c3 {[%emt 0:00:10]} b6 {[%emt 0:00:20]} 8. O-O {[%emt 0:00:08]} Bb7 {[%emt 0:00:05]} 9. Nbd2 {[%emt 0:00:18]} Nbd7 {[%emt 0:00:07]} 10. a4 {[%emt 0:00:28]} a6 {[%emt 0:00:12]} 11. Bh2 {[%emt 0:00:54]} Qc7 {[%emt 0:00:09]} 12. Re1 {[%emt 0:00:17]} Ne4 {[%emt 0:00:19]} 13. Nxe4 {[%emt 0:02:07]} Bxe4 {[%emt 0:00:05]} 14. Nd2 {[%emt 0:00:37]} Bc6 {[%emt 0:00:26]} 15. Bf1 {[%emt 0:05:53]} e5 {[%emt 0:09:54]} 16. b4 {[%emt 0:14:21]} a5 {[%emt 0:17:24]} 17. dxc5 {[%emt 0:17:28]} axb4 {[%emt 0:18:09]} 18. cxb4 {[%emt 0:01:51]} dxc5 {[%emt 0:05:12]} 19. b5 {[%emt 0:01:11]} Bd5 {[%emt 0:00:12]} 20. e4 {[%emt 0:02:42]} Be6 {[%emt 0:00:27]} 21. Bc4 {[%emt 0:01:06]} Qd6 {[%emt 0:03:01]} 22. Qc2 {[%emt 0:03:32]} Rfd8 {[%emt 0:00:37]} 23. Bxe6 {[%emt 0:05:51]} Qxe6 {[%emt 0:00:05]} 24. Nc4 {[%emt 0:00:05]} Nf8 {[%emt 0:01:27]} 25. Ne3 {[%emt 0:07:40]} Rd4 {[%emt 0:00:33]} 26. Nd5 {[%emt 0:00:23]} Qd6 {[%emt 0:00:11]} 27. f4 {[%emt 0:02:21]} Nd7 {[%emt 0:06:45]} 28. Kh1 {[%emt 0:03:44]} exf4 {[%emt 0:02:11]} 29. Bxf4 {[%emt 0:05:13]} Be5 {[%emt 0:00:18]} 30. Be3 {[%emt 0:05:46]} Rxd5 {[%emt 0:00:15]} 31. exd5 {[%emt 0:00:03]} Bxa1 {[%emt 0:00:11]} 32. Rxa1 {[%emt 0:00:03]} Qxd5 {[%emt 0:04:53]} 33. Rd1 {[%emt 0:00:30]} Qe6 {[%emt 0:02:38]} 34. Bf4 {[%emt 0:02:02]} Ne5 {[%emt 0:18:03]} 35. Qc3 {[%emt 0:05:28]} f6 {[%emt 0:01:10]} 36. Re1 {[%emt 0:01:35]} Re8 {[%emt 0:02:29]} 37. a5 {[%emt 0:02:22]} Qd7 {[%emt 0:04:01]} 38. axb6 {[%emt 0:09:14]} Qxb5 {[%emt 0:00:08]} 39. Bxe5 {[%emt 0:01:34]} fxe5 {[%emt 0:00:02]} 40. Rc1 {[%emt 0:00:38]} Qxb6 {[%emt 0:04:16]} 41. Qxc5 {[%emt 0:30:05]} Qxc5 {[%emt 0:31:45]} 42. Rxc5 {[%emt 0:00:40]} Kf7 {[%emt 0:00:23]} 43. Kg1 {[%emt 0:00:36]} Kf6 {[%emt 0:00:08]} 44. Kf2 {[%emt 0:00:00]} Ra8 {[%emt 0:00:00]} 45. Rc7 {[%emt 0:00:00]} h5 {[%emt 0:00:00]} 46. Rc2 {[%emt 0:00:00]} Ra3 {[%emt 0:00:00]} 47. Rb2 {[%emt 0:00:00]} Kf5 {[%emt 0:00:00]} 48. Rc2 {[%emt 0:00:00]} Kf4 {[%emt 0:00:00]} 49. Rb2 {[%emt 0:02:25]} e4 {[%emt 0:00:00]} 50. Rc2 {[%emt 0:00:25]} h4 {[%emt 0:00:00]} 51. Rb2 {[%emt 0:00:17]} e3+ {[%emt 0:00:00]} 52. Ke2 {[%emt 0:00:14]} Kg3 {[%emt 0:00:00]} 53. Rb4 {[%emt 0:00:54]} Ra2+ {[%emt 0:06:59]} 1-0

[Event "Elitserien Allsvenskan 2018-19"]
[Site "Sweden"]
[Date "2018.11.11"]
[Round "3"]
[White "Janse, Love"]
[Black "Fendrich, David"]
[Result "1-0"]
[WhiteElo "2210"]
[BlackElo "2233"]
[Annotator "NA"]
[PlyCount "125"]
[EventDate "2018.11.09"]
[EventType "team-tourn"]
[EventCountry "SWE"]
[SourceTitle "playchess.com"]
[Source "ChessBase"]
[SourceQuality "1"]
[TimeControl "40/5400+30:1800+30"]

1. e4 {[%emt 0:04:24]} c5 {[%emt 0:00:00]} 2. Nc3 {[%emt 0:00:15]} e6 {[%emt 0:00:10]} 3. g3 {[%emt 0:00:35]} Nc6 {[%emt 0:01:55]} 4. Bg2 {[%emt 0:00:11]} g6 {[%emt 0:00:52]} 5. d3 {[%emt 0:00:30]} Bg7 {[%emt 0:00:25]} 6. Be3 {[%emt 0:00:17]} d6 {[%emt 0:03:59]} 7. Qd2 {[%emt 0:00:08]} Rb8 {[%emt 0:01:29]} 8. a4 {[%emt 0:05:10]} a6 {[%emt 0:01:48]} 9. Nh3 {[%emt 0:06:44]} b5 {[%emt 0:02:19]} 10. axb5 {[%emt 0:01:03]} axb5 {[%emt 0:00:08]} 11. O-O {[%emt 0:01:01]} b4 {[%emt 0:04:23]} 12. Na4 {[%emt 0:09:21]} Nd4 {[%emt 0:03:00]} 13. Bxd4 {[%emt 0:06:01]} Bxd4 {[%emt 0:10:48]} 14. c3 {[%emt 0:00:30]} Bg7 {[%emt 0:00:21]} 15. d4 {[%emt 0:05:48]} cxd4 {[%emt 0:05:52]} 16. cxd4 {[%emt 0:00:13]} Ne7 {[%emt 0:07:18]} 17. Rfc1 {[%emt 0:08:25]} O-O {[%emt 0:10:53]} 18. Rc4 {[%emt 0:03:09]} Qa5 {[%emt 0:01:53]} 19. Qc1 {[%emt 0:03:09]} Ba6 {[%emt 0:06:43]} 20. Rc2 {[%emt 0:09:04]} Qb5 {[%emt 0:04:33]} 21. Qd2 {[%emt 0:06:10]} Rfc8 {[%emt 0:03:52]} 22. Rxc8+ {[%emt 0:05:14]} Nxc8 {[%emt 0:06:00]} 23. Bf1 {[%emt 0:01:15]} Qa5 {[%emt 0:00:46]} 24. Bxa6 {[%emt 0:02:44]} Qxa6 {[%emt 0:00:04]} 25. Nf4 {[%emt 0:00:42]} Qc4 {[%emt 0:03:32]} 26. d5 {[%emt 0:06:36]} e5 {[%emt 0:02:47]} 27. Qd3 {[%emt 0:00:23]} Qc7 {[%emt 0:06:31]} 28. Ng2 {[%emt 0:02:02]} Bh6 {[%emt 0:00:58]} 29. Ne3 {[%emt 0:01:17]} Bxe3 {[%emt 0:00:23]} 30. Qxe3 {[%emt 0:00:12]} Qd7 {[%emt 0:08:47]} 31. b3 {[%emt 0:01:05]} Qb7 {[%emt 0:01:44]} 32. Rc1 {[%emt 0:00:18]} Na7 {[%emt 0:00:13]} 33. Rc4 {[%emt 0:02:00]} Rc8 {[%emt 0:00:13]} 34. Qc1 {[%emt 0:02:22]} Qa6 {[%emt 0:01:02]} 35. Kg2 {[%emt 0:01:32]} Rxc4 {[%emt 0:01:04]} 36. Qxc4 {[%emt 0:00:06]} Nb5 {[%emt 0:00:26]} 37. Qxb4 {[%emt 0:02:22]} Nd4 {[%emt 0:00:07]} 38. Qc4 {[%emt 0:01:24]} Qa5 {[%emt 0:00:35]} 39. Nc3 {[%emt 0:01:18]} Qa1 {[%emt 0:00:56]} 40. Nb5 {[%emt 0:01:57]} Qd1 {[%emt 0:00:24]} 41. Nxd4 {[%emt 0:03:40]} exd4 {[%emt 0:01:41]} 42. e5 {[%emt 0:01:04]} dxe5 {[%emt 0:03:07]} 43. d6 {[%emt 0:00:26]} Qg4 {[%emt 0:08:53]} 44. f3 {[%emt 0:03:11]} Qg5 {[%emt 0:09:28]} 45. d7 {[%emt 0:04:30]} Qd2+ {[%emt 0:00:50]} 46. Kf1 {[%emt 0:00:36]} Qd1+ {[%emt 0:00:17]} 47. Kf2 {[%emt 0:00:05]} Qd2+ {[%emt 0:00:16]} 48. Qe2 {[%emt 0:00:40]} Qa5 {[%emt 0:00:54]} 49. Qc2 {[%emt 0:01:17]} Kg7 {[%emt 0:01:17]} 50. b4 {[%emt 0:05:52]} Qd5 {[%emt 0:06:05]} 51. Qc7 {[%emt 0:04:55]} Qa2+ {[%emt 0:01:17]} 52. Kf1 {[%emt 0:01:46]} Qa6+ {[%emt 0:01:08]} 53. Kg1 {[%emt 0:05:15]} Qa1+ {[%emt 0:00:19]} 54. Kg2 {[%emt 0:01:26]} Qa2+ {[%emt 0:00:05]} 55. Kh3 {[%emt 0:00:37]} Qe6+ {[%emt 0:00:07]} 56. g4 {[%emt 0:00:43]} Qf6 {[%emt 0:01:28]} 57. Kg2 {[%emt 0:00:13]} e4 {[%emt 0:01:13]} 58. f4 {[%emt 0:00:53]} Qa6 {[%emt 0:00:44]} 59. Qe5+ {[%emt 0:00:12]} Kh6 {[%emt 0:00:20]} 60. g5+ {[%emt 0:00:52]} Kh5 {[%emt 0:00:06]} 61. Qxe4 {[%emt 0:00:37]} Qa2+ {[%emt 0:00:16]} 62. Kg3 {[%emt 0:00:26]} Qb3+ {[%emt 0:01:01]} 63. Qf3+ {[%emt 0:00:09]} 1-0

[Event "Elitserien Allsvenskan 2018-19"]
[Site "Sweden"]
[Date "2018.11.11"]
[Round "3"]
[White "Eriksson, Jorgen"]
[Black "Kabadayi, Can"]
[Result "1-0"]
[WhiteElo "2193"]
[BlackElo "2213"]
[Annotator "NA"]
[PlyCount "99"]
[EventDate "2018.11.09"]
[EventType "team-tourn"]
[EventCountry "SWE"]
[SourceTitle "playchess.com"]
[Source "ChessBase"]
[SourceQuality "1"]
[TimeControl "40/5400+30:1800+30"]

1. d4 {[%emt 0:00:00]} d5 {[%emt 0:00:00]} 2. Nf3 {[%emt 0:00:07]} Nf6 {[%emt 0:00:00]} 3. c4 {[%emt 0:00:13]} c6 {[%emt 0:00:12]} 4. e3 {[%emt 0:04:19]} Bf5 {[%emt 0:01:51]} 5. Bd3 {[%emt 0:01:43]} Bxd3 {[%emt 0:01:15]} 6. Qxd3 {[%emt 0:00:07]} e6 {[%emt 0:00:32]} 7. Nc3 {[%emt 0:00:25]} Bb4 {[%emt 0:02:43]} 8. O-O {[%emt 0:00:20]} Nbd7 {[%emt 0:01:09]} 9. Rd1 {[%emt 0:01:58]} O-O {[%emt 0:01:44]} 10. Bd2 {[%emt 0:03:38]} Qe7 {[%emt 0:03:50]} 11. Rac1 {[%emt 0:05:49]} Rfd8 {[%emt 0:13:01]} 12. a3 {[%emt 0:02:56]} Bd6 {[%emt 0:03:45]} 13. e4 {[%emt 0:06:24]} dxc4 {[%emt 0:03:56]} 14. Qxc4 {[%emt 0:00:25]} e5 {[%emt 0:00:12]} 15. Bg5 {[%emt 0:04:31]} h6 {[%emt 0:04:09]} 16. Bh4 {[%emt 0:04:16]} Re8 {[%emt 0:13:48]} 17. Bxf6 {[%emt 0:17:06]} Nxf6 {[%emt 0:05:01]} 18. d5 {[%emt 0:00:57]} Rac8 {[%emt 0:03:10]} 19. dxc6 {[%emt 0:16:52]} Rxc6 {[%emt 0:03:14]} 20. Nd5 {[%emt 0:00:29]} Nxd5 {[%emt 0:03:16]} 21. Qxd5 {[%emt 0:00:52]} Rec8 {[%emt 0:01:58]} 22. Rxc6 {[%emt 0:01:24]} Rxc6 {[%emt 0:00:02]} 23. h3 {[%emt 0:04:20]} Bc7 {[%emt 0:03:35]} 24. Rd2 {[%emt 0:07:19]} Qf6 {[%emt 0:05:46]} 25. Qd3 {[%emt 0:07:25]} Bb6 {[%emt 0:02:04]} 26. g3 {[%emt 0:04:47]} Qe6 {[%emt 0:06:44]} 27. Kg2 {[%emt 0:01:03]} f6 {[%emt 0:01:57]} 28. Qd5 {[%emt 0:01:46]} Qxd5 {[%emt 0:04:29]} 29. exd5 {[%emt 0:00:35]} Rd6 {[%emt 0:00:21]} 30. Nh4 {[%emt 0:00:55]} Kf7 {[%emt 0:00:53]} 31. Nf5 {[%emt 0:00:44]} Rd7 {[%emt 0:00:13]} 32. Kf3 {[%emt 0:01:17]} h5 {[%emt 0:02:28]} 33. g4 {[%emt 0:00:40]} hxg4+ {[%emt 0:02:00]} 34. hxg4 {[%emt 0:00:01]} g6 {[%emt 0:00:40]} 35. Ne3 {[%emt 0:00:15]} Bd4 {[%emt 0:03:10]} 36. Ke4 {[%emt 0:00:38]} b5 {[%emt 0:00:13]} 37. b3 {[%emt 0:01:12]} Ke7 {[%emt 0:00:18]} 38. Rc2 {[%emt 0:00:16]} Rd6 {[%emt 0:01:55]} 39. Rc7+ {[%emt 0:00:44]} Kf8 {[%emt 0:01:48]} 40. Rb7 {[%emt 0:00:31]} Ra6 {[%emt 0:01:41]} 41. Rxb5 {[%emt 0:02:26]} Rxa3 {[%emt 0:03:51]} 42. Rb8+ {[%emt 0:10:49]} Ke7 {[%emt 0:04:58]} 43. Rb7+ {[%emt 0:00:09]} Kd8 {[%emt 0:00:50]} 44. d6 {[%emt 0:12:41]} Ra5 {[%emt 0:09:40]} 45. b4 {[%emt 0:02:28]} Ra2 {[%emt 0:02:00]} 46. Kd5 {[%emt 0:01:05]} Bxe3 {[%emt 0:05:27]} 47. fxe3 {[%emt 0:00:16]} Kc8 {[%emt 0:02:04]} 48. Rc7+ {[%emt 0:01:14]} Kb8 {[%emt 0:00:43]} 49. Ke6 {[%emt 0:00:35]} Rd2 {[%emt 0:01:34]} 50. Rc5 {[%emt 0:00:40]} 1-0

[Event "Elitserien Allsvenskan 2018-19"]
[Site "Sweden"]
[Date "2018.11.11"]
[Round "3"]
[White "Johansson, David"]
[Black "Helgason, Reynir"]
[Result "1/2-1/2"]
[WhiteElo "2132"]
[BlackElo "2303"]
[Annotator "TA"]
[PlyCount "140"]
[EventDate "2018.11.09"]
[EventType "team-tourn"]
[EventCountry "SWE"]
[SourceTitle "playchess.com"]
[Source "ChessBase"]
[SourceQuality "1"]

{[%evp 15,140,-20,-26,-47,-34,-71,-32,-81,-55,-73,-45,-162,-116,-202,-100,-120,-69,-72,-64,-68,-58,-62,-40,-46,-20,-48,-41,-55,-50,-72,-68,-95,-50,-68,-38,-34,-40,-67,-45,-244,0,11,4,-37,0,0,24,16,33,0,2,15,7,-42,-39,-41,-44,-36,-29,-32,-27,-34,-31,-58,-17,-10,-8,-14,-8,-8,-4,-8,-8,-10,-10,-8,8,8,8,8,8,8,8,8,8,8,8,0,0,0,0,0,0,0,0,-2,0,0,20,19,19,19,19,17,12,0,0,0,0,0,0,0,7,0,0,0,0,0,0,0,0,0,8,8,8,8,8]} 1. e4 e6 2. d4 d5 3. Nc3 Nf6 4. e5 Nfd7 5. Nf3 c5 6. dxc5 Nxc5 {C11: French: Classical System: 4 e5 and 4 Bg5 dxe4} (6... Nc6 7. Bf4 Nxc5 8. h4 Be7 9. h5 f5 10. Rh3 O-O 11. Nb5 Ne4 12. c3 Qb6 13. Be3 Qa5 14. Nbd4 f4 15. Bd2 Qc7 16. Nxc6 bxc6 {1-0 (61) Nepomniachtchi,I (2718)-Ding,L (2680) St Petersburg 2012}) 7. Bf4 a6 8. Bd3 Nc6 {LiveBook: 21 Games} 9. Qe2 b5 {[%cal Bb7b5,Bb5b4][%mdl 32]} 10. h4 $146 ({Predecessor:} 10. a3 Be7 11. h4 b4 12. axb4 Nxd3+ 13. cxd3 Bxb4 14. O-O O-O 15. h5 f5 {1-0 (50) Ionescu,D (2323)-Kool,G (2140) Germany 2001}) 10... b4 11. Nd1 h6 12. h5 Be7 13. g4 (13. Rh3 $15) 13... Nxd3+ 14. Qxd3 {[#]} (14. cxd3 $17 Bb7 15. Ne3) 14... d4 (14... a5 $1 $19 {has better winning chances.} 15. b3 O-O) 15. b3 $17 Bb7 (15... Qd5 $17 16. Nb2 O-O) 16. Nb2 Na7 17. Rh3 Nb5 18. Nc4 Bc5 19. g5 Qd5 20. gxh6 gxh6 21. Na5 Qe4+ 22. Qxe4 Bxe4 23. Kd2 O-O-O {White must now prevent ...d3.} 24. Ne1 $1 Nc3 25. Nd3 Be7 26. f3 Bf5 27. Rg3 $2 {[#]} (27. Rhh1 $15) 27... Bh4 $2 (27... Nd5 $1 $19 28. Nc6 Rd7) 28. Rg7 $11 Nd5 29. Bg3 Bg5+ 30. f4 Bxd3 31. fxg5 Bb5 32. g6 fxg6 33. Rxg6 Rdg8 34. Nc4 Rxg6 35. Nd6+ Kd7 36. hxg6 {Threatens to win with Rg1.} Rg8 37. Bf2 Rxg6 38. Rg1 Rxg1 39. Bxg1 $15 {[%mdl 4096] Endgame KBN-KBN} h5 (39... Ne3 $5) 40. Bxd4 {The position is equal.} h4 41. Ne4 h3 {And now ...h2 would win.} 42. Bg1 Nf4 43. Bh2 Ng6 44. Ke1 Nh4 {Strongly threatening ...Nf3+.} 45. Kf2 Kc6 46. Ng5 Kd5 47. Nxh3 {Hoping for Nf4+.} Kd4 48. Ng5 Bd7 49. Ke2 Kc3 50. Kd1 Kb2 51. Ne4 Nf3 52. Nc5 Bc8 (52... Be8 {is more complex.} 53. Bg3 Nd4 54. Nxa6 Nxc2 55. Nc7 Bh5+) 53. Bf4 Kxa2 54. Nd3 a5 55. Kc1 Nd4 56. Be3 Nxb3+ (56... Nc6 {with more complications.} 57. Bc5 Ba6 58. Nf4 Nxe5 59. Nxe6 Nc6) 57. cxb3 Kxb3 58. Nc5+ Kc4 59. Kc2 Kd5 60. Nd3 (60. Nb3 {seems wilder.} a4 61. Nc5 a3 62. Kb3 Kxe5 63. Bg1) 60... Ba6 61. Bb6 Bxd3+ 62. Kxd3 $11 {KB-K3P} a4 63. Ba5 b3 64. Kc3 Kxe5 65. Kb2 Kd4 66. Bc3+ Kd5 {aiming for ...e5.} 67. Ka3 Kc4 68. Bb2 Kd3 69. Kxa4 Kc2 70. Ka3 e5 {Precision: White = 60%, Black = 53%.} 1/2-1/2